| 000 | 00882nam a2200253Ia 4500 | ||
|---|---|---|---|
| 003 | OSt | ||
| 005 | 20220923220442.0 | ||
| 006 | a|||||r|||| 00| 0 | ||
| 007 | ta | ||
| 008 | 220922b |||||||| |||| 00| 0 hin d | ||
| 024 | _a186,748 | ||
| 037 | _cTextual | ||
| 040 |
_aARTS _cARTS _bhin |
||
| 041 |
_2hin _ahin |
||
| 082 | _aX.2.N7, 152L4;M0 | ||
| 100 |
_aरूद्र दत्त; सुन्दरम्, के पी एम _9164231 |
||
| 245 | 0 | _aभारतीय अर्थव्यवस्था | |
| 246 | _aBhāratīya arthavyavasthā | ||
| 250 | _aसंस्क0 13 | ||
| 260 |
_aदिल्ली _b एस एण्ड कम्पनी _c1980 |
||
| 300 |
_a927 पृ. _ccm. |
||
| 942 |
_hX.2.N7, 152L4;M0 _cTEXL _2CC |
||
| 999 |
_c339991 _d339991 |
||